| 000 | 00468nam a2200193Ia 4500 | ||
|---|---|---|---|
| 005 | 20250423094431.0 | ||
| 008 | 250422s9999 xx 000 0 und d | ||
| 020 | _a9788122437966 | ||
| 050 | _aQK 603 .A54/ | ||
| 100 | _aAneja, K.R. | ||
| 245 | 3 | _aAn Introduction to Mycology | |
| 250 | _a2nd ed. | ||
| 260 | _aNew Delhi | ||
| 260 | _bNew Age International (p) Limited, Publishers | ||
| 260 | _c2015 | ||
| 300 | _a696 p | ||
| 650 | _aMycology. | ||
| 942 | _cBK | ||
| 999 |
_c27227 _d27227 |
||